As you were (Record no. 69470)
[ view plain ]
| 000 -LEADER | |
|---|---|
| fixed length control field | 01368cam a2200229 4500 |
| 001 - CONTROL NUMBER | |
| control field | ABS65020 |
| 008 - FIXED-LENGTH DATA ELEMENTS--GENERAL INFORMATION | |
| fixed length control field | 020207n2002 000 0 eng u |
| 035 ## - SYSTEM CONTROL NUMBER | |
| System control number | (Sirsi) u116652 |
| 100 ## - MAIN ENTRY--PERSONAL NAME | |
| Personal name | Bessey, J |
| 245 ## - TITLE STATEMENT | |
| Title | As you were |
| 260 ## - PUBLICATION, DISTRIBUTION, ETC. | |
| Date of publication, distribution, etc. | 2002 |
| 490 ## - SERIES STATEMENT | |
| Series statement | Building |
| Volume/sequential designation | 267(8216) 11 January 2002, 63(1) |
| 520 ## - SUMMARY, ETC. | |
| Summary, etc. | Argues that judges should approach adjudicators' decision with caution when these decisions are challenged in the Court of Appeal. Refers to two cases, "C&B Scene Concept Design v Isobars" and VHE v RBSTB" where challenges were made to the adjudicator's jurisdiction. The issue raised in these cases was the failure to serve notices. Suggests that there is an inconsistency between adjudicators as to what the consequences of such a failure are and that this needs to be clarified, hopefully by the C&B case. |
| 590 ## - LOCAL NOTE (RLIN) | |
| Local note | ABS |
| 650 ## - SUBJECT ADDED ENTRY--TOPICAL TERM | |
| Topical term or geographic name entry element | C & B SCENE CONCEPT DESIGN LTD V ISOBARS LTD |
| 650 ## - SUBJECT ADDED ENTRY--TOPICAL TERM | |
| Topical term or geographic name entry element | VHE CONSTRUCTION PLC V RBSTB TRUST CO LTD |
| 650 ## - SUBJECT ADDED ENTRY--TOPICAL TERM | |
| Topical term or geographic name entry element | MANAGEMENT-DISPUTE AVOIDANCE, MANAGEMENT AND RESOLUTION-DISPUTE MANAGEMENT AND RESOLUTION-ALTERNATIVE DISPUTE RESOLUTION-ADJUDICATION |
| 650 ## - SUBJECT ADDED ENTRY--TOPICAL TERM | |
| Topical term or geographic name entry element | MANAGEMENT-DISPUTE AVOIDANCE, MANAGEMENT AND RESOLUTION-DISPUTE MANAGEMENT AND RESOLUTION-ALTERNATIVE DISPUTE RESOLUTION-ADJUDICATION-ADJUDICATION AWARDS |
| 650 ## - SUBJECT ADDED ENTRY--TOPICAL TERM | |
| Topical term or geographic name entry element | JURISDICTION |
| 690 ## - LOCAL SUBJECT ADDED ENTRY--TOPICAL TERM (OCLC, RLIN) | |
| Topical term or geographic name as entry element | Dispute resolution |
| 9 (RLIN) | 6236 |
| 942 ## - ADDED ENTRY ELEMENTS (KOHA) | |
| Suppress in OPAC | 0 |
| Withdrawn status | Lost status | Source of classification or shelving scheme | Damaged status | Not for loan | Home library | Current library | Shelving location | Date acquired | Total Checkouts | Full call number | Barcode | Date last seen | Copy number | Price effective from | Koha item type |
|---|---|---|---|---|---|---|---|---|---|---|---|---|---|---|---|
| Dewey Decimal Classification | London | London | Journal article | 07/02/2002 | ABS65020 | 116652-1001 | 06/08/2019 | 1 | 06/08/2019 | Journal article |